Loading...
| Ancient History and Archaeology | 1 | 20.00 | 400% | 0% | 200% |
| Beliefs | 3 | 13.33 | 133% | 67% | 133% |
| British and Commonwealth History | 1 | 10.00 | 0% | 200% | 0% |
| Fine Arts - Auditory | 1 | 10.00 | 400% | 0% | 0% |
| Fine Arts - Visual | 1 | 30.00 | 400% | 200% | 200% |
| History - American | 2 | 15.00 | 200% | 200% | 0% |
| History - European | 1 | 20.00 | 0% | 200% | 200% |
| History - World | 1 | 10.00 | 0% | 0% | 200% |
| Literature - American | 1 | 10.00 | 0% | 0% | 200% |
| Literature - British | 2 | 10.00 | 0% | 0% | 200% |
| Literature - European | 2 | 15.00 | 0% | 100% | 200% |
| Other Academic | 2 | 20.00 | 0% | 200% | 200% |
| Other Arts: Visual | 2 | 15.00 | 200% | 100% | 100% |
| Other Science: Astronomy | 1 | 10.00 | 0% | 200% | 0% |
| Other Science: Earth Science | 1 | 20.00 | 400% | 200% | 0% |
| Philosophy | 2 | 15.00 | 200% | 100% | 100% |
| Science - Biology | 2 | 20.00 | 200% | 200% | 100% |
| Science - Chemistry | 2 | 10.00 | 200% | 0% | 100% |
| Science - Physics | 1 | 20.00 | 400% | 0% | 200% |
| Social Science | 2 | 15.00 | 0% | 100% | 200% |
| World and Other Literature | 2 | 15.00 | 200% | 0% | 200% |